Multiple Choice Questions on Clinical Chemistry ain Diagnosis and Treatment. (Record no. 864)

MARC details
000 -LEADER
fixed length control field 00548nam a22001937a 4500
003 - CONTROL NUMBER IDENTIFIER
control field OSt
005 - DATE AND TIME OF LATEST TRANSACTION
control field 20191125124236.0
008 - FIXED-LENGTH DATA ELEMENTS--GENERAL INFORMATION
fixed length control field 150109b xxu||||| |||| 00| 0 eng d
020 ## - INTERNATIONAL STANDARD BOOK NUMBER
International Standard Book Number 085324202x
040 ## - CATALOGING SOURCE
Transcribing agency DNLM
082 ## - DEWEY DECIMAL CLASSIFICATION NUMBER
Classification number QY 90 B22m 1991
100 ## - MAIN ENTRY--PERSONAL NAME
Personal name Bangert, S. K.; Fleming, P. R.
9 (RLIN) 1763
245 ## - TITLE STATEMENT
Title Multiple Choice Questions on Clinical Chemistry ain Diagnosis and Treatment.
250 ## - EDITION STATEMENT
Edition statement 2nd ed.
260 ## - PUBLICATION, DISTRIBUTION, ETC. (IMPRINT)
Place of publication, distribution, etc. London:
Name of publisher, distributor, etc. Lloyd-Luke;
Date of publication, distribution, etc. 1991
300 ## - PHYSICAL DESCRIPTION
Extent iv, 89 p :
Dimensions 23 cm.
650 ## - SUBJECT ADDED ENTRY--TOPICAL TERM
Topical term or geographic name as entry element Clinica chemistry MCQs
9 (RLIN) 2341
942 ## - ADDED ENTRY ELEMENTS (KOHA)
Source of classification or shelving scheme Other/Generic Classification Scheme
Koha item type Short Loan
Holdings
Withdrawn status Lost status Source of classification or shelving scheme Damaged status Not for loan Home library Current library Date acquired Inventory number Total Checkouts Full call number Barcode Date last seen Koha item type
    Other/Generic Classification Scheme     MUST Main Library MUST Main Library 09/01/2015 97/10792   QY 90 B22m 1991 2015-0045 09/01/2015 Short Loan